Πέρασμα : έκθεση με έργα ελλήνων καλλιτεχνών μεταπολεμική τέχνη από τη συλλογή της Εθνικής Τράπεζας = Passage
Αποθηκεύτηκε σε:
| Άλλοι συγγραφείς: | |
|---|---|
| Μορφή: | Βιβλίο |
| Γλώσσα: | Greek English |
| Δημοσίευση: |
Αθήνα :
Premium,
2014.
|
| Θέματα: | |
| Ετικέτες: |
Προσθήκη ετικέτας
Δεν υπάρχουν, Καταχωρήστε ετικέτα πρώτοι!
|
MARC
| LEADER | 00000cam a2200000 a 4500 | ||
|---|---|---|---|
| 001 | 1/121349 | ||
| 008 | 200512s2014####gr a||||||||||||| ||gre|| | ||
| 040 | |a GR-MyUa |b gre |c GR-MyUa |e AACR2 | ||
| 041 | 1 | |a gre |h eng | |
| 082 | 7 | |a 759.9495 |2 (23) | |
| 245 | 0 | 0 | |a Πέρασμα : |b έκθεση με έργα ελλήνων καλλιτεχνών μεταπολεμική τέχνη από τη συλλογή της Εθνικής Τράπεζας = Passage / |c επιστημονική επιμέλεια Όλγα Μεντζαφού-Πολύζου ; αρχιτεκτονικός σχεδιασμός Σόνια Χαραλαμπίδου-Διβάνη. |
| 246 | 1 | |i Παράλληλος τίτλος: |a Passage | |
| 260 | |a Αθήνα : |b Premium, |c 2014. | ||
| 300 | |a 24 σ. : |b έγχρ. εικ. ; |c 25 εκ. | ||
| 500 | |a Ο κατάλογος εκδόθηκε με την ευκαιρία της ομώνυμης έκθεσης που πραγματοποιήθηκε στο Εμπορικό κέντρο Golden Hall, Αθήνα από 23 Οκτωβρίου - 29 Νοεμβρίου 2014. | ||
| 650 | 0 | |a Painting, Greek |y 20th century. | |
| 700 | 1 | |a Μεντζαφού-Πολύζου, Όλγα, |e edtf | |
| 700 | 1 | |a Χαραλαμπίδου-Διβάνη, Σόνια, |e oth | |
| 852 | |a INST |b LESVOS |e 20200512 |h 759.9495 ΠΕΡ |p 005100062452 |q 005100062452 |t BK |y 0 | ||
| 920 | |a Εθνική Τράπεζα |y Λέσβος |z 2015-05 | ||
| 970 | |a Καμάτσου |b Δέσποινα |z 12-05-2020 | ||